000 00299nam a22001097a 4500
008 160428b xxu||||| |||| 00| 0 eng d
020 _a0632002840
041 _aeng
080 _a612.39
245 1 0 _aGastro-intestinal pathology:
_cBasil C. Morson; Ian M.P. Dawson; Arthur I. Spriggs;
942 _2udc
_cBK
999 _c1660
_d1660